000 00630nam a22002177a 4500
003 BCEG
005 20260413123530.0
008 260409s2024 mx|||||| |||| 00| 0 spa d
020 _a9786073851268
040 _aBCEG
_bspa
_cBCEG
082 0 4 _aM864.4
_bH536o
100 1 _aHerbert, Julián,
_d1971-.
245 1 4 _aOverol
_b: apuntes sobre narrativa mexicana reciente.
260 _aCiudad de México :
_bPenguin Random House,
_c2024.
300 _a239 p.
504 _aIncluye bibliografía.
541 _aCompra.
650 1 4 _aEnsayos mexicanos.
650 1 4 _aLiteratura mexicana
_xCrítica e interpretación.
942 _cBK
999 _c437174
_d437174